000 00339nam a2200133 i 4500
001 bg
100 1 _aZABŁOCKI, Marian
245 0 _aWtrysk i spalanie paliwa w silnikach wysokobieżnych /
_cMarian Zabłocki.
260 _aWarszawa,
_c1976.
040 _cBPK
041 _apol
942 _cKS
008 s pl f |000 0 pol
999 _c16909
_d16909
856 _uhttp://koha.tu.koszalin.pl/cgi-bin/koha/opac-detail.pl?biblionumber=16909
_yKatalog online BPK